| 000 | 00722 a2200217 4500 | ||
|---|---|---|---|
| 001 | 135267 | ||
| 003 | OSt | ||
| 005 | 20211221151842.0 | ||
| 008 | |||
| 020 | _a9788126707379 | ||
| 041 | _aHindi | ||
| 082 |
_a891.433 _bT58A |
||
| 100 | 1 | _aतोल्स्तोय, लेव | |
| 245 | 1 |
_aआन्ना कारेनिना _cby लेव तोल्स्तोय |
|
| 260 |
_aनई दिल्ली _bराजकमल प्रकाशन _c2010 |
||
| 300 | _a2v. (v.1:416; v.2:337p.) | ||
| 500 | _a9606 v.1; 9607 v.2 | ||
| 630 | _aहिन्दी साहित्य | ||
| 690 | _aManners and customs; Married women; Russia; Adultery | ||
| 942 |
_2ddc _cBK |
||
| 999 |
_c8690 _d8690 |
||